Finanční analýza a plánování

Gespeichert in:
Bibliographische Detailangaben
1. Verfasser: Grünwald, Rolf
Weitere Verfasser: Holečková, Jaroslava, Termer, Tomáš
Format: Buch
Sprache:Tschechisch
Veröffentlicht: Praha Nad zlato 1993
Ausgabe:1. vyd.
Schlagworte:
Tags: Tag hinzufügen
Keine Tags, Fügen Sie das erste Tag hinzu!

MARC

LEADER 00000nam a2200000 4500
001 c004320
005 20221206075506.1
020 |a 80-900383-8-7 
041 0 |a cze 
044 |a CZ 
245 1 0 |a Finanční analýza a plánování  |c Rolf Grünwald, Jaroslava Holečková, Tomáš Termer 
250 |a 1. vyd. 
264 1 |a Praha  |b Nad zlato  |c 1993 
300 |a 110 s. 
610 2 0 |a analýza finančná 
610 2 0 |a rozhodovanie finančné 
610 2 0 |a plánovanie finančné 
610 2 0 |a kontrola finančná 
100 1 |a Grünwald, Rolf 
700 1 |a Holečková, Jaroslava 
700 1 |a Termer, Tomáš